Harry Potter: la Marque des Ténèbres - Statistiques

Statistiques générales
  • Ce quiz a été pris 126 fois
  • Le résultat moyen est 5 sur 6
Statistiques - réponses
Information Réponses % Correct
Première apparition Harry Potter et la Coupe de Feu
98%
Personnes qui se la font tatouer Mangemorts
98%
Endroit du tatouage Avant-bras gauche
97%
Dernière apparition Harry Potter et les Reliques de la Mort
96%
Description Verte, crâne avec un serpent dans la bouche
83%
Formule pour la faire apparaitre dans le ciel Morsmordre
50%
Aucun quiz correspondant
Distribution des résultats
% des personnes avec chaque résultat
Percentile par nombre de réponses
Votre historique - résultats
Vous n’avez pas pris ce quiz